| 000 | 01717cam a22004694i 4500 | ||
|---|---|---|---|
| 003 | PE-LiUPU | ||
| 005 | 20250731173130.0 | ||
| 008 | 150623s r 000 0 d | ||
| 020 | _a080075641X | ||
| 035 | _a(Sirsi) i9780800756413 | ||
| 040 |
_aPE-LiUPU _bspa _cPE-LiUPU _erda |
||
| 049 | _aPRUA | ||
| 082 | 0 | 4 |
_a269.2 _bH92N _221 |
| 100 | 1 |
_aHull, Bill, _d1946-, _eautor. |
|
| 245 | 1 | 0 |
_aNew century disciplemaking : _bapplying Jesus' ideas for the future / _cBill Hull. |
| 264 | 1 |
_aGrand Rapids, Michigan : _bFleming H. Revell, _c2001. |
|
| 300 |
_a238 páginas ; _c21 centímetros |
||
| 336 |
_atext _2rdacontent |
||
| 337 |
_aunmediated _2rdamedia |
||
| 338 |
_avolume _2rdacarrier |
||
| 504 | _aIncluye bibliografía. | ||
| 505 | 0 | _aCome and see. Come and follow me. Come and be with me. You will remain in me. Additional resources. Leader's study guide. Developing structural insights. Building a biblical foundation. Developing your own plan. | |
| 526 | _aSEG42 | ||
| 526 | _aSEG41 | ||
| 526 | _aSEG40 | ||
| 526 | _aSEG39 | ||
| 526 | _aP94 | ||
| 526 | _aP87 | ||
| 526 | _aP86 | ||
| 526 | _aP85 | ||
| 526 | _aP77 | ||
| 526 | _aP76 | ||
| 526 | _aP35 | ||
| 650 | 0 | 4 |
_aJesucristo _xMétodos de enseñanza. |
| 650 | 0 | 4 | _aVida cristiana. |
| 942 |
_2ddc _cBOOK |
||
| 949 |
_a269.2 H92N _wDEWEY _c1 _i51592 _lCCODEBUL1 _mBUL _p13.00 _r0 _sY _tBOOK _u2015-6-24 _xTEOLOGIA _PP35 _0COMPRA _o.STAFF. Colección General |
||
| 994 |
_aC0 _bPEPRU |
||
| 596 | _a1 | ||
| 999 |
_a269.2 H92N _wDEWEY _c33323 _i51592 _f2021-11-10 _g5 _lCCODEBUL1 _mBUL _p13.00 _r0 _sY _tBOOK _u2015-6-24 _xTEOLOGIA _PP35 _0COMPRA _o.STAFF. Colección General _d33323 |
||
| 980 |
_81 _gALBERTO SANCHEZ Responsable de Automatización |
||